O VOĽBE BÁZY PRE SCHROEDINGEROVU ROVNICU

Bibliographic Details
Main Authors: Sivák, Bohuslav, 1951- (Author), Šišková, Anna (Author), Betáková, Jarmila (Author)
Format: Article
Language:Slovak
ISBN:8080557861
Subjects:

MARC

LEADER 00000naa a2200000 a 4500
001 vtls011850204
003 SK-MaSNL
005 20260302143948.0
008 210910|2003 xo |||||||||||||||||slo|
015 |a SNBCL 
035 |a (urnnbn)urn:nbn:sk:snk:ar-a0arei 
035 |a urn:nbn:sk:snk-aaw5ep 
035 |a (uuid)e237991f-b783-4032-893b-6de6ada84d10 
040 |a SNKBUCL  |b slo  |c SNKBUCL  |e AACR2 
041 |a slo 
044 |a xo  |c SK 
100 1 |a Sivák, Bohuslav,  |d 1951-  |4 aut  |9 38763 
245 1 0 |a O VOĽBE BÁZY PRE SCHROEDINGEROVU ROVNICU  |c Bohuslav Sivák, Jarmila Betáková, Anna Šišková 
336 |a text  |b txt  |c rdacontent 
337 |a bez média  |b n  |c rdamedia 
338 |a zväzok  |b nc  |c rdacarrier 
655 7 |a články zo zborníkov  |2 snkbucl  |9 166140 
700 1 |a Šišková, Anna  |4 aut  |9 712725 
700 1 |a Betáková, Jarmila  |4 aut  |9 834540 
773 0 |t DidInfo 2003  |d Banská Bystrica : Univerzita Mateja Bela, 2003  |g S. 108-111  |z 8080557861 
958 |a OND 
958 |a article26 
958 |a chapter 
999 |c 1346913  |d 1348843